Largest Countries (Redux) Quiz Stats

 Plays Quiz Updated Mar 11, 2013

Support Sporcle.
Go Orange.
Score 0/50 Timer 06:00
22 Plays Today
% Correct
???
73.3%
???
64.9%
???
64.8%
???
64.5%
???
64.5%
???
51.1%
???
46.4%
???
42.6%
???
41.9%
???
41.1%
???
36.6%
???
36.1%
???
34.7%
???
33.8%
???
32%
???
31.8%
???
30.4%
???
29.6%
???
28.4%
???
27.4%
???
26.9%
???
26%
???
24.8%
???
22.2%
???
22%
% Correct
???
21.9%
???
21.8%
???
20.9%
???
19.3%
???
17.7%
???
17.2%
???
17%
???
16.9%
???
16.6%
???
16.1%
???
15.9%
???
15.3%
???
14.1%
???
13.9%
???
12.7%
???
12.1%
???
12%
???
11.1%
???
10.8%
???
8.6%
???
8.6%
???
6.6%
???
6.6%
???
5.8%
???
4.7%

You're not logged in!

Compare scores with friends on all Sporcle quizzes.
OR
Log In

From the Vault

Click the Fictional Jenny

by Jovahkiin

Do they all share the same phone number, and is it 867-5309?
Remove Ads.
Support Sporcle.
Get the best of Sporcle when you Go Orange. This ad-free experience offers more features, more stats, and more fun while also helping to support Sporcle. Thank you for becoming a member.

Show Comments

Extras

Top Quizzes Today


Score Distribution

Your Account Isn't Verified!

In order to create a playlist on Sporcle, you need to verify the email address you used during registration. Go to your Sporcle Settings to finish the process.

Report this User

Report this user for behavior that violates our Community Guidelines.

Details: